Taṭawwur Qaṭar al-siyāsī : min nashʼat al-imārah ḥattá istiqlāl al-dawlah /
تطور قطر السياسي : من نشأة الإمارة حتى استقلال الدولة /
Qatar; politics and government; history.
| Main Author: | |
|---|---|
| Format: | Book |
| Language: | Arabic |
| Published: |
Al-Dawḥah :
Aḥmad Zakarīyā al-Shalaq,
2003.
|
| Edition: | al-Ṭabʻah 1. |
| Subjects: |
MARC
| Tag | First Indicator | Second Indicator | Subfields |
|---|---|---|---|
| LEADER | 00000cam a22000005a 4500 | ||
| 001 | in00002058621 | ||
| 005 | 20170917062907.0 | ||
| 008 | 050412s2003 qa 000 0 ara | ||
| 010 | |a 2005339372 | ||
| 020 | |a 9992168641 | ||
| 020 | |a 9789992168646 | ||
| 035 | |a (OCoLC)ocm60388809 | ||
| 040 | |a DLC-R |c DLC |d TXA |d UtOrBLW | ||
| 042 | |a lcode |a pcc | ||
| 043 | |a a-qa--- | ||
| 049 | |a TXAM | ||
| 050 | 0 | 0 | |a DS247.Q38 |b S53 2003 |
| 066 | |c (3 | ||
| 100 | 1 | |6 880-01 |a Shalaq, Aḥmad Zakarīyā. | |
| 245 | 1 | 0 | |6 880-02 |a Taṭawwur Qaṭar al-siyāsī : |b min nashʼat al-imārah ḥattá istiqlāl al-dawlah / |c Aḥmad Zakarīyā al-Shalaq, Muṣṭafá ʻAqīl al-Khaṭīb, Yūsuf Ibrāhīm al-ʻAbd Allāh. |
| 250 | |6 880-03 |a al-Ṭabʻah 1. | ||
| 264 | 1 | |6 880-04 |a Al-Dawḥah : |b Aḥmad Zakarīyā al-Shalaq, |c 2003. | |
| 300 | |a 331 pages ; |c 24 cm. | ||
| 336 | |a text |b txt |2 rdacontent | ||
| 337 | |a unmediated |b n |2 rdamedia | ||
| 338 | |a volume |b nc |2 rdacarrier | ||
| 520 | |a Qatar; politics and government; history. | ||
| 651 | 0 | |a Qatar |x Politics and government. | |
| 651 | 0 | |a Qatar |x History. | |
| 880 | 1 | |6 100-01/(3/r |a شلق، أحمد زكريا. | |
| 880 | 1 | 0 | |6 245-02/(3/r |a تطور قطر السياسي : |b من نشأة الإمارة حتى استقلال الدولة / |c أحمد زكريا الشلق، مصطفى عقيل الخطيب، يوسف إبراهيم العبد الله. |
| 880 | |6 250-03/(3/r |a الطبعة 1. | ||
| 880 | |6 264-04/(3/r |a الدوحة : |b أحمد زكريا الشلق، |c 2003?. | ||
| 948 | |a cataloged |b h |c 2005/8/4 |d c |e fpiscitelli |f 1:07:07 pm | ||
| 994 | |a C0 |b TXA | ||
| 999 | |a MARS | ||
| 999 | f | f | |s d724daf2-af65-373c-8f0d-a2106c760972 |i d64600c4-426d-35cb-858f-1de64a5d80b3 |t 0 |
| 952 | f | f | |p ric |a Texas A&M University |b Rellis Campus |c Joint Library Facility |d Remote Storage |t 0 |e JQ1845.A58 S43 2003 |h Library of Congress classification |i unmediated -- volume |m A14832786150 |
| 998 | f | f | |a JQ1845.A58 S43 2003 |t 0 |l Remote Storage |